| 000 | 00653nam a22001817a 4500 | ||
|---|---|---|---|
| 999 |
_c19426 _d19426 |
||
| 003 | AR-CdUCM | ||
| 008 | 190517b ||||| |||| 00| 0 spa d | ||
| 040 |
_aMUNICIPALIDAD PROVINCIAL DEL CUSCO _cBIBLIOTECA MUNICIPAL DEL CUSCO |
||
| 082 |
_a918. 9 / _bR41 |
||
| 100 |
_aRenay, Ernesto _940754 |
||
| 245 | _aVida de Jesús / | ||
| 260 |
_aBarcelona : _bMaucci, _c1913. |
||
| 300 |
_a363 páginas ; _c21 cm. |
||
| 505 | _aEn donde se trata principalmente las fuentes de esta historia -- Rango de Jesus en la historia del mundo -- Infancia y juventud de Jesus -- Educación de Jesus... | ||
| 650 |
_aJesus. _925346 |
||
| 942 |
_2ddc _cLIBROS |
||
| 945 | _awfj | ||